zpět

Detail výsledku týmu

Spirit Bar - Žižkov, Praha

Datum a čas kvízu

25.5 Celkem bodů Celkový počet nahraných bodů na tomto kvízu bez doplňovacích otázek.
9. Pořadí na kvízu Konečné umístění týmu na tomto kvízu.

Zaznamenané odpovědi

# Otázka Odpověď Body Výsledky
1. Jeden muž dostal nabídku k náv... Miroslav Kalousek 1
2. Jeden z vystupujících v opeře... spadly mu kalhoty 0
3. Známý americký herec, držitel... Robert de Niro 1
4. Poslední dny se diskutuje o ch... CBD 1
5. Který hráč proměnil v závěru d... Ladislav Krejčí 1
6. V tomto tématu jsme se probral... bod: D – v hospodě, půlbod: B – na stadionu 1
7. Co na člověku prozradí, že ho... bod: A – zčervená, půlbod: D – má erekci 1
8. Co udělá vášnivý kuřák, když m... bod: C – koupí si jiné, půlbod: A – hledá nedopalky 1
9. Doplňte větu: Muži jsou občas... bod: A – láska, půlbod: D – sex 0
10. Co děláte v práci, když je šéf... bod: A – normálně pracuji, půlbod: C – nic, flákám se 1